000 00782nam a2200181Ia 4500
008 090630s9999 xx 000 0 und d
082 _b14970
100 _aछापखाने कि. रा.
245 _aऔद्योगिक धोरण आणि घडण.
_cछापखाने कि. रा.
260 _bमहाराष्ट्र विद्यापीठ ग्रंथनिर्मिती मंडळ - नागपूर.
_c1980
300 _a656
600 _aछापखाने कि. रा.
630 _aऔद्योगिक धोरण आणि घडण.
655 _aइतर.
700 _aछापखाने कि. रा.
730 _aऔद्योगिक धोरण आणि घडण.
942 _cBOOK
999 _c266826
_d266826